|
|
|
|
| LEADER |
00000nam0a2200000 4500 |
| 001 |
270772 |
| 005 |
20231101234356.0 |
| 035 |
|
|
|a (RuTPU)RU\TPU\book\293953
|
| 090 |
|
|
|a 270772
|
| 100 |
|
|
|a 20141001d1986 k y0rusy50 ca
|
| 101 |
0 |
|
|a rus
|
| 102 |
|
|
|a GE
|
| 105 |
|
|
|a y z 001zb
|
| 200 |
1 |
|
|a Системы Авиценны: Абу Али Ибн-Сина. Экзотерический очерк. Некоторые обобщения и материалы
|e монография
|f Г. Н. Джибладзе
|g Академия наук Грузинской ССР (АН ГрузССР), Институт истории грузинской литературы имени Шота Руставели
|
| 210 |
|
|
|a Тбилиси
|c Мецниереба
|d 1986
|
| 215 |
|
|
|a 199 с.
|
| 320 |
|
|
|a Список сочинений: с. 161-184
|
| 320 |
|
|
|a Указатель: с. 185-193
|
| 600 |
|
0 |
|a Ибн Сина (Авиценна)
|c персидский учёный, философ, врач, музыкант
|c полное имя Абу Али Хусейн ибн Абдуллах ибн аль-Хасан ибн Али ибн Сина
|f 980-1037
|2 stltpush
|3 (RuTPU)RU\TPU\pers\9647
|9 1919
|
| 606 |
1 |
|
|a Наука
|x Персоналии
|2 stltpush
|3 (RuTPU)RU\TPU\subj\45076
|9 64338
|
| 606 |
1 |
|
|a Философия народов Востока
|2 stltpush
|3 (RuTPU)RU\TPU\subj\63887
|9 80819
|
| 610 |
1 |
|
|a философия
|
| 610 |
1 |
|
|a философские идеи
|
| 610 |
1 |
|
|a биография
|
| 610 |
1 |
|
|a восточная философия
|
| 610 |
1 |
|
|a грузинская философия
|
| 610 |
1 |
|
|a философы
|
| 610 |
1 |
|
|a история
|
| 686 |
|
|
|a Ч213д
|v LBC/SL-A
|2 rubbk
|
| 686 |
|
|
|a Ю3(5)
|v LBC/SL-A
|2 rubbk
|
| 700 |
|
1 |
|a Джибладзе
|b Г. Н.
|g Георгий Николаевич
|
| 712 |
0 |
2 |
|a Академия наук Грузинской ССР (АН ГрузССР)
|b Институт истории грузинской литературы имени Шота Руставели
|c (Тбилиси)
|2 stltpush
|3 (RuTPU)RU\TPU\col\21472
|
| 801 |
|
1 |
|a RU
|b 63413507
|c 20141001
|
| 801 |
|
2 |
|a RU
|b 63413507
|c 20190606
|g RCR
|
| 942 |
|
|
|c BK
|